000 00779nam a2200241Ia 4500
003 OSt
005 20220930192755.0
006 a|||||r|||| 00| 0
007 ta
008 220926b |||||||| |||| 00| 0 eng d
024 _a10620
037 _cDissertations
040 _aCRL
_cCRL
_beng
041 _2eng
_aeng
100 _aKamlesh Kaur
_9561576
110 _aUniversity of Delhi. Faculty of Arts. Department of Psychology
_9169788
245 0 _aTo study the effect of three extreme positions of the subject's body tilt in the perception of apparent vertical etc.
260 _c1966
650 _aPSYCHOLOGY
700 _aUniversity of Delhi. Faculty of Arts. Department of Psychology
_9169789
942 _cDIS
_2CC
999 _c895612
_d895612